000 00292nam a22001337a 4500
008 170224b xxu||||| |||| 00| 0 eng d
020 _a9781416026228
041 _aeng
080 _23 ED
_a617
100 _a5
101 _aSHK
245 _aSURGICAL INSTRUMENTS
_cWELLS.M.P
942 _2udc
_cBK
999 _c6206
_d6206